Statistics for Spongebob Characters Representing the Seven Deadly Sins

Click here to take the quiz!

General Stats

  • This quiz has been taken 308 times
  • The average score is 6 of 7

Answer Stats

HintAnswer% Correct
SlothPatrick
93%
GreedMr Krabs
86%
LustSpongebob
84%
EnvyPlankton
79%
PrideSandy
76%
WrathSquidward
75%
GluttonyGary
58%

Score Distribution

Percentile by Number Answered

Percent of People with Each Score

Your Score History

You have not taken this quiz